| 000 | 01025nam a2200289 i 4500 | ||
|---|---|---|---|
| 001 | 87381 | ||
| 003 | ES-MaACL | ||
| 005 | 20240222150536.0 | ||
| 007 | t| | ||
| 008 | 041221s1977 sp ||||1| spa d | ||
| 020 | _a84-400-3241-2 | ||
| 080 | _a32(47)"1925/53" | ||
| 080 | _a32 Stalin, Iosif | ||
| 080 | _a329.15(4) | ||
| 100 | 1 |
_aJrushchiov, Nikita Sergueevich. _967086 |
|
| 245 | 1 | 0 |
_aInforme secreto sobre Stalin _b: (al XX Congreso del P.C.U.S.) / _c[por N. Kruschev ; traductores, Balbino Gutiérrez y Francesco Uinás]. |
| 260 |
_aMadrid : _bTaller de Sociología, _c[1977] |
||
| 300 |
_a184 p. ; _c17 cm. |
||
| 505 | 8 |
_aContiene: ; _tEstudios críticos / _r[por] Giancarlo Pajetta, [et al.]( _gp. 97-184) |
|
| 600 | 1 | 4 |
_aStalin, Iosif Vissarionovich, _d1879-1953 _9107862 |
| 650 | 4 |
_aPartidos comunistas- _zEuropa. _9156670 |
|
| 651 | 4 |
_aURSS- _xHistoria- _y1925-1953. _99472 |
|
| 700 | 1 |
_aPajetta, Giancarlo. _9156671 |
|
| 852 |
_aES-MaACL _jA-7285 |
||
| 852 |
_aES-MaACL _jA-8791 |
||
| 999 |
_c87381 _d87381 |
||